000 00717cam a22002413a 4500
001 3372
003 PGUSA
005 20140828083031.0
008 041023s2004||||xxu|||||s|||||000 1 eng d
040 _aPGUSA
_beng
042 _adc
050 4 _aPS
100 1 _aHowells, William Dean,
_d1837-1920
245 1 0 _aTheir Silver Wedding Journey — Volume 2
_h[electronic resource] /
_cWilliam Dean Howells
260 _bProject Gutenberg,
_c2004
506 _aPublic domain in the USA.
516 _aElectronic text
653 _aAmericans -- Europe -- Fiction
653 _aTransatlantic voyages -- Fiction
830 0 _aProject Gutenberg
_v3372
856 4 0 _uhttp://www.gutenberg.org/ebooks/3372
942 _cEB
999 _c232701
_d232701